Caracterización de la biodiversidad en áreas prioritarias de la vertiente oriental de la cordillera oriental (Registro nro. 1776)

Detalles MARC
000 -CABECERA
Campo de control 01145nam a2200313 a 4500
005 - FECHA Y HORA DE LA ULTIMA TRANSACCION
Campo de control 20180904150806.0
008 - ELEMENTOS DE LONGITUD FIJA—INFORMACION GENERAL
Campo de control 140121b1999 ck ||||| |||| 00| 0 spa d
040 ## - FUENTE DE CATALOGACIÓN
Agencia catalogadora original CO-BoIAVH
Agencia transcriptora CO-BoIAVH
041 ## - IDIOMA
Código de idioma para texto/pista de sonido o título separado Español
090 ## - CLASIFICACIÓN LOCAL
Colección IAvH
Consecutivo 00131
100 ## - ASIENTO PRINCIPAL--NOMBRE PERSONAL
Nombre personal Alvarez R., Mauricio
9 (RLIN) 4175
245 ## - MENCION DE TITULO
Título Caracterización de la biodiversidad en áreas prioritarias de la vertiente oriental de la cordillera oriental
260 ## - PUBLICACION, DISTRIBUCION, ETC. (PIE DE IMPRENTA)
Lugar de publicación, distribución, etc. Villa de Leyva (Boyacá)
Nombre del editor, distribuidor, etc. Instituto Alexander von Humboldt
-- Fundación Natura
Fecha de publicación, distribución, etc. 1999
300 ## - DESCRIPCION FISICA
Extensión 130 p.
650 26 - ASIENTO SECUNDARIO DE MATERIA - TERMINO TEMATICO
9 (RLIN) 2833
Término temático o nombre geográfico como elemento de entrada Caracterización biológica
650 26 - ASIENTO SECUNDARIO DE MATERIA - TERMINO TEMATICO
9 (RLIN) 54
Término temático o nombre geográfico como elemento de entrada Biodiversidad
650 24 - ASIENTO SECUNDARIO DE MATERIA - TERMINO TEMATICO
9 (RLIN) 714
Término temático o nombre geográfico como elemento de entrada Áreas prioritarias de conservación
650 24 - ASIENTO SECUNDARIO DE MATERIA - TERMINO TEMATICO
Término temático o nombre geográfico como elemento de entrada Métodos de campo
9 (RLIN) 3855
650 24 - ASIENTO SECUNDARIO DE MATERIA - TERMINO TEMATICO
Término temático o nombre geográfico como elemento de entrada Bosque andino
9 (RLIN) 3789
650 24 - ASIENTO SECUNDARIO DE MATERIA - TERMINO TEMATICO
Término temático o nombre geográfico como elemento de entrada Diversidad alfa
9 (RLIN) 3741
650 24 - ASIENTO SECUNDARIO DE MATERIA - TERMINO TEMATICO
Término temático o nombre geográfico como elemento de entrada Diversidad beta
9 (RLIN) 3742
650 26 - ASIENTO SECUNDARIO DE MATERIA - TERMINO TEMATICO
Término temático o nombre geográfico como elemento de entrada Distribución geográfica
9 (RLIN) 3655
651 ## - ASIENTO SECUNDARIO DE MATERIA - NOMBRE GEOGRAFICO
Nombre geográfico Colombia
Subdivisión geográfica Cordillera Oriental
9 (RLIN) 101284
700 1# - ASIENTO SECUNDARIO - NOMBRE PERSONAL
Nombre personal Escobar Sarria, Federico
9 (RLIN) 3531
700 1# - ASIENTO SECUNDARIO - NOMBRE PERSONAL
Nombre personal Mendoza Cifuentes, Humberto
9 (RLIN) 4236
700 1# - ASIENTO SECUNDARIO - NOMBRE PERSONAL
Nombre personal Villarreal Leal, Hector Fernando
9 (RLIN) 4237
856 ## - LOCALIZACION Y ACCESO ELECTRONICOS
Identificador Uniforme del Recurso http://hdl.handle.net/20.500.11761/34913
942 ## - ELEMENTOS ADICIONALES (KOHA)
Tipo de ítem Informe Técnico
Sistema de clasificación Local
Existencias
Withdrawn status Lost status Sistema de Clasificación Damaged status No para préstamo Colección Ubicación Permanente Ubicación actual Fecha de adquisición Fuente de adquisición Total Checkouts Número topográfico Inventario / Código de Barras Date last seen Ejemplar Price effective from Tipo de material Public note
    Local     Humboldt Bogotá Bogotá 04/12/2012 Alvarez, Mauricio   IAvH-00131 AUTO_3127 04/12/2012 Ej. 1 04/12/2012 Informe Técnico Recurso disponible en linea.